_Management accounting-performance evaluation (Record no. 5712)
[ view plain ]
| 000 -LEADER | |
|---|---|
| fixed length control field | 00391nam a2200133Ia 4500 |
| 008 - FIXED-LENGTH DATA ELEMENTS--GENERAL INFORMATION | |
| fixed length control field | 151021s9999 xx 000 0 und d |
| 050 ## - LIBRARY OF CONGRESS CALL NUMBER | |
| Classification number | HF 5657.4 .M337 2008 |
| 245 ## - TITLE STATEMENT | |
| Title | _Management accounting-performance evaluation |
| 260 ## - PUBLICATION, DISTRIBUTION, ETC. (IMPRINT) | |
| Place of publication, distribution, etc. | London Elsevier ltd 2008 |
| 300 ## - PHYSICAL DESCRIPTION | |
| Extent | xix,595p. : ills. |
| 500 ## - GENERAL NOTE | |
| General note | Includes index |
| 650 ## - SUBJECT ADDED ENTRY--TOPICAL TERM | |
| Topical term or geographic name as entry element | _Management |
| 980 ## - EQUIVALENCE OR CROSS-REFERENCE-SERIES STATEMENT--PERSONAL NAME/TITLE [LOCAL, CANADA] | |
| Personal name | ^d20101216 10:41:58^oTiampati |
No items available.